000
00213 a2200097 4500
001
42000
100
_a
Sloan, S J
245
_a
Pilots Under Stress
260
_a
_b
Routledge & Kegan Paul
_c
090
_c
26042
_d
26042
942
_a
NUST-CAE
_c
_c
17828
999
_c
277073
_d
277073